000
00302nam a2200097Ia 4500
001
1058721
005
20250827001444.0
008
250824s9999 xx 000 0 und d
245
0
_a
NASRETTİN HOCA DİZİSİ KAVUK ÇOCUKLAŞTI
_c
HASAN YİĞİT
260
_b
NARÇİÇEĞİ YAYINCILIK VE TAŞIMACILIK A.Ş.
999
_c
1058721
_d
1058721